[Event "ACP-Knockout-2020-Women"]
[Site "Emanuel Lasker Arena"]
[Date "2020.07.27"]
[Round "3.1"]
[White "IGaponenko"]
[Black "Anastasia3003"]
[Result "0-1"]
[WhiteElo "1559"]
[BlackElo "1822"]
[Annotator "NA RC"]
[PlyCount "88"]
[EventDate "2020.07.25"]
[EventType "k.o. (blitz)"]
[EventRounds "4"]

1. e4 {[%emt 0:00:02]} c5 {[%emt 0:00:01]} 2. Nf3 {[%emt 0:00:02]} d6 {[%emt 0:00:02]} 3. d4 {[%emt 0:00:01]} cxd4 {[%emt 0:00:01]} 4. Nxd4 {[%emt 0:00:01]} Nf6 {[%emt 0:00:01]} 5. Nc3 {[%emt 0:00:01]} a6 {[%emt 0:00:01]} 6. Be3 {[%emt 0:00:01]} e5 {[%emt 0:00:02]} 7. Nb3 {[%emt 0:00:01]} Be7 {[%emt 0:00:05]} 8. Qd2 {[%emt 0:00:02]} O-O {[%emt 0:00:04]} 9. O-O-O {[%emt 0:00:02]} a5 {[%emt 0:00:16]} 10. a4 {[%emt 0:01:09]} Be6 {[%emt 0:00:13]} 11. f4 {[%emt 0:00:08]} Qc8 {[%emt 0:00:27]} 12. Kb1 {[%emt 0:03:09]} Nc6 {[%emt 0:00:16]} 13. f5 {[%emt 0:00:44]} Nxe4 {[%emt 0:00:12]} 14. Nxe4 {[%emt 0:00:30]} Bxf5 {[%emt 0:00:01]} 15. Ng3 {[%emt 0:01:01]} Be6 {[%emt 0:01:48]} 16. Bd3 {[%emt 0:01:16]} Nb4 {[%emt 0:02:42]} 17. Rhf1 {[%emt 0:00:10]} f5 {[%emt 0:01:59]} 18. Bg5 {[%emt 0:00:34]} Bxg5 {[%emt 0:01:08]} 19. Qxg5 {[%emt 0:00:03]} e4 {[%emt 0:00:05]} 20. Nxe4 {[%emt 0:00:25]} fxe4 {[%emt 0:00:17]} 21. Rxf8+ {[%emt 0:00:51]} Qxf8 {[%emt 0:00:02]} 22. Bxe4 {[%emt 0:00:02]} Bxb3 {[%emt 0:01:02]} 23. cxb3 {[%emt 0:00:03]} Re8 {[%emt 0:00:05]} 24. Bd5+ {[%emt 0:01:24]} Kh8 {[%emt 0:00:05]} 25. Bf3 {[%emt 0:00:16]} Qf7 {[%emt 0:00:22]} 26. Bd5 {[%emt 0:00:03]} Qf2 {[%emt 0:00:11]} 27. Qc1 {[%emt 0:00:03]} Qf5+ {[%emt 0:00:06]} 28. Ka1 {[%emt 0:00:04]} Nxd5 {[%emt 0:00:04]} 29. Qd2 {[%emt 0:00:06]} Nb4 {[%emt 0:00:06]} 30. Qxd6 {[%emt 0:00:02]} h6 {[%emt 0:00:19]} 31. Qc7 {[%emt 0:00:13]} Qc2 {[%emt 0:00:12]} 32. Qxc2 {[%emt 0:00:05]} Nxc2+ {[%emt 0:00:01]} 33. Kb1 {[%emt 0:00:02]} Nb4 {[%emt 0:00:01]} 34. Kc1 {[%emt 0:00:01]} Re3 {[%emt 0:00:07]} 35. Rd7 {[%emt 0:00:06]} Rxb3 {[%emt 0:00:03]} 36. h3 {[%emt 0:00:07]} Nc6 {[%emt 0:00:02]} 37. Kc2 {[%emt 0:00:02]} Rb4 {[%emt 0:00:01]} 38. Kc3 {[%emt 0:00:04]} Kh7 {[%emt 0:00:01]} 39. b3 {[%emt 0:00:03]} b5 {[%emt 0:00:23]} 40. Rd6 {[%emt 0:00:12]} Ne7 {[%emt 0:00:01]} 41. axb5 {[%emt 0:00:05]} Rxb5 {[%emt 0:00:01]} 42. Ra6 {[%emt 0:00:02]} h5 {[%emt 0:00:07]} 43. Kc4 {[%emt 0:00:06]} Rg5 {[%emt 0:00:01]} 44. h4 {[%emt 0:00:05]} Re5 {[%emt 0:00:04] IGaponenko resigns (Lag: Av=0.59s, max=1.2s)} 0-1

[Event "ACP-Knockout-2020-Women"]
[Site "Emanuel Lasker Arena"]
[Date "2020.07.27"]
[Round "3.2"]
[White "Iribulmaga"]
[Black "Tomilova_Elena"]
[Result "0-1"]
[WhiteElo "1885"]
[BlackElo "2038"]
[Annotator "TA"]
[PlyCount "68"]
[EventDate "2020.07.25"]
[EventType "k.o. (blitz)"]
[EventRounds "4"]

{[%evp 17,68,8,8,-10,-8,-7,-7,0,-8,-26,-26,-28,-31,-26,-17,-14,-18,-28,-25,-17,-25,-72,-70,-65,-58,-77,-58,-134,-140,-653,-640,-862,-856,-871,-843,-1825,-1748,-1786,-1577,-1436,-1428,-29990,-1068,-29976,-280,-29977,-29978,-3478,-719,-29986,-29987,-29987,-29988]} 1. e4 e6 2. d3 d5 3. Nd2 c5 4. Ngf3 Nc6 5. g3 g6 6. Bg2 Bg7 7. O-O Nf6 8. Re1 O-O 9. c3 a5 10. e5 {A08: King's Indian Attack.} Ng4 {[%cal Rg4e5]} 11. d4 cxd4 12. cxd4 {The position is equal.} f6 {[%cal Rf6e5]} 13. h3 {[#]} Nxf2 $1 {[%mdl 512]} 14. Qe2 {[#]} (14. Kxf2 fxe5) 14... Ne4 $146 ({Predecessor:} 14... fxe5 15. dxe5 Bd7 16. Rf1 Qc7 17. Rxf2 Nxe5 18. Nb3 Nxf3+ 19. Rxf3 a4 20. Nd2 a3 {1-0 (39) Villa Izquierdo,R (2007)-Campins Machado,F (2134) Barcelona 2019}) 15. Nxe4 dxe4 16. Qxe4 f5 17. Qe3 Nb4 {Threatens to win with ...Nc2.} 18. Qb3 Nd5 19. Bd2 a4 $36 {[%mdl 2048] Black fights for an advantage.} 20. Qa3 f4 21. g4 Bd7 22. Qd6 (22. h4 $15) 22... Rf7 {Hoping for ...Bf8.} 23. Ng5 $2 {[%mdl 8192] This costs White the game.} (23. Qc5 $17) 23... Qxg5 $19 24. Bxd5 exd5 25. e6 {[#]} Bxe6 $1 26. Rxe6 (26. Qxe6 Qh4) 26... Bxd4+ {[%mdl 64] Double Attack} 27. Kh2 {[#]} Qh4 $1 {( -> ...Qg3+)} 28. Be1 Bf2 29. Qa3 Bxe1 (29... f3 $142 30. Qd6 Bxe1 31. Rxg6+ hxg6 32. Qxg6+ Kh8 33. Qh5+ Qxh5 34. gxh5 f2 35. h6 f1=Q 36. Rxe1 Qf2+ 37. Kh1 Rg8 38. Re6 Qg2#) 30. Raxe1 Qf2+ 31. Kh1 f3 {[%csl Gf3][%cal Rf2g2]} 32. Rg1 {[#]} Rc8 (32... Qh4 $142 $1 33. Kh2 Rc8) 33. Qd6 {[#]} Qxg1+ $1 {[%mdl 576] Clearance, Promotion} 34. Kxg1 f2+ {Accuracy: White = 51%, Black = 85%.} 0-1

[Event "ACP-Knockout-2020-Women"]
[Site "Emanuel Lasker Arena"]
[Date "2020.07.27"]
[Round "3.2"]
[White "Anastasia3003"]
[Black "IGaponenko"]
[Result "1/2-1/2"]
[WhiteElo "1838"]
[BlackElo "1538"]
[Annotator "NA RC"]
[PlyCount "65"]
[EventDate "2020.07.25"]
[EventType "k.o. (blitz)"]
[EventRounds "4"]

1. e4 {[%emt 0:00:03]} c5 {[%emt 0:00:14]} 2. Nc3 {[%emt 0:00:03]} Nc6 {[%emt 0:00:01]} 3. Bb5 {[%emt 0:00:02]} Nd4 {[%emt 0:00:02]} 4. Bc4 {[%emt 0:00:01]} g6 {[%emt 0:00:02]} 5. Nf3 {[%emt 0:00:04]} Bg7 {[%emt 0:00:01]} 6. Nxd4 {[%emt 0:00:02]} cxd4 {[%emt 0:00:02]} 7. Qf3 {[%emt 0:00:03]} Nf6 {[%emt 0:00:02]} 8. Ne2 {[%emt 0:00:05]} Qa5 {[%emt 0:00:18]} 9. O-O {[%emt 0:01:18]} O-O {[%emt 0:00:03]} 10. h3 {[%emt 0:00:51]} Qc5 {[%emt 0:05:32]} 11. d3 {[%emt 0:01:18]} d5 {[%emt 0:00:54]} 12. Bb3 {[%emt 0:01:32]} dxe4 {[%emt 0:00:46]} 13. dxe4 {[%emt 0:00:02]} Qe5 {[%emt 0:01:35]} 14. Ng3 {[%emt 0:00:22]} Be6 {[%emt 0:00:07]} 15. Bf4 {[%emt 0:00:55]} Qc5 {[%emt 0:00:20]} 16. Rac1 {[%emt 0:00:02]} Qb6 {[%emt 0:00:41]} 17. Rfd1 {[%emt 0:01:25]} Rfd8 {[%emt 0:00:12]} 18. Ne2 {[%emt 0:01:15]} a5 {[%emt 0:00:17]} 19. Be5 {[%emt 0:00:16]} a4 {[%emt 0:00:06]} 20. Bxe6 {[%emt 0:00:03]} Qxe6 {[%emt 0:00:03]} 21. Bxd4 {[%emt 0:00:15]} Qxe4 {[%emt 0:00:05]} 22. Qxe4 {[%emt 0:00:23]} Nxe4 {[%emt 0:00:02]} 23. Bxg7 {[%emt 0:00:01]} Kxg7 {[%emt 0:00:01]} 24. a3 {[%emt 0:00:38]} Rac8 {[%emt 0:00:05]} 25. Rd4 {[%emt 0:00:23]} Rxd4 {[%emt 0:00:09]} 26. Nxd4 {[%emt 0:00:01]} e5 {[%emt 0:00:07]} 27. Re1 {[%emt 0:00:38]} exd4 {[%emt 0:00:14]} 28. Rxe4 {[%emt 0:00:01]} Rxc2 {[%emt 0:00:03]} 29. Rxd4 {[%emt 0:00:01]} Rxb2 {[%emt 0:00:02]} 30. Rxa4 {[%emt 0:00:01]} Ra2 {[%emt 0:00:12]} 31. Rb4 {[%emt 0:00:02]} Rxa3 {[%emt 0:00:02]} 32. Rxb7 {[%emt 0:00:01]} h5 {[%emt 0:00:02]} 33. h4 {[%emt 0:00:03] Anastasia3003 Предлагает ничью (Lag: Av=0.57s, max=0.7s)} 1/2-1/2

[Event "ACP-Knockout-2020-Women"]
[Site "Emanuel Lasker Arena"]
[Date "2020.07.27"]
[Round "3.3"]
[White "Tomilova_Elena"]
[Black "Iribulmaga"]
[Result "1-0"]
[WhiteElo "2064"]
[BlackElo "1859"]
[Annotator "TA"]
[PlyCount "161"]
[EventDate "2020.07.25"]
[EventType "k.o. (blitz)"]
[EventRounds "4"]

{[%evp 17,161,0,6,0,0,-9,4,0,0,-25,40,0,76,16,14,-28,-8,-39,0,0,104,101,101,101,95,98,96,0,75,0,0,-8,0,-1,-4,0,31,22,31,27,27,0,14,15,17,17,85,77,84,13,45,0,0,0,0,0,161,0,0,0,0,0,0,0,0,0,0,0,0,0,0,0,0,0,54,54,66,33,52,6,80,6,75,75,75,51,75,79,144,-237,109,112,294,294,358,0,249,255,248,233,343,233,214,0,214,181,218,232,214,0,251,106,93,8,21,20,147,144,164,141,148,141,155,8,5712,5456,5065,4678,4133,3932,2437,2611,2211,1974,29966,29945,29985,29986,29986,29987,29987,29988,29988,29989,29987,29986]} 1. d4 Nf6 2. Nf3 g6 3. e3 Bg7 4. c4 d6 5. Be2 O-O 6. Nc3 Nbd7 7. b3 e5 8. Bb2 Re8 9. Qc2 c6 10. dxe5 {E60: King's Indian: Unusual lines and Fianchetto Variation without Nc3.} dxe5 11. O-O e4 12. Nd2 {The position is equal.} Qe7 13. a3 {[#]} h5 $146 (13... Nc5 $11) ({Predecessor:} 13... a5 14. Na4 Rb8 15. c5 Ne5 16. Nxe4 Nxe4 17. Qxe4 Bf5 18. Qf4 Bd3 19. Rfe1 Bxe2 20. Rxe2 {0-1 (35) Wong,M (2459)-Ye,J (2564) Yangon 1999}) 14. b4 h4 (14... Ne5 $11) 15. c5 (15. h3 $1 $16) 15... b6 16. Rad1 bxc5 17. Nc4 Ba6 (17... h3 $5) 18. Nd6 {[%mdl 64] Discovered Attack} Bxe2 (18... Bd3 $11 19. Bxd3 exd3 20. Rxd3 (20. Qxd3 Red8 $11) 20... Reb8) 19. Nxe2 $16 Reb8 20. bxc5 h3 21. g3 Qe6 22. Nd4 (22. Bd4 $16) 22... Qg4 (22... Qd5 $11) 23. Ba1 (23. Nxc6 {leads to mate.} Qf3 $1 {[%mdl 512]} 24. Qxe4 Nxe4 25. Ne7+ Kh7 $1 {[%mdl 512]} 26. Nxe4 Qg2#) (23. f3 $16 exf3 24. Nxc6) 23... Ne5 $11 24. Kh1 Rd8 25. Qe2 Qxe2 26. Nxe2 Nd3 {White must now prevent ...Ng4.} 27. Bxf6 Bxf6 28. Nxe4 Be7 29. Nf4 Nxc5 30. Nxc5 Bxc5 31. a4 Be7 (31... Ba3 $11) 32. Nxh3 $16 c5 33. Rc1 (33. Kg2 $16) 33... Rab8 34. Rc4 Rb4 35. Rfc1 a5 36. Kg2 Rd1 $2 (36... Rd2 $11 {and Black stays safe.}) 37. Nf4 $2 ({Don't do} 37. Rxd1 $6 Rxc4 38. Rd7 Kf8 $14) (37. Rxb4 $18 Rxc1 38. Rb5) 37... Rxc1 $11 38. Rxc1 {And now Nd5 would win.} Rxa4 {[%mdl 4096] Endgame KRB-KRN} 39. Nd3 Ra2 40. Nxc5 a4 41. Nd3 a3 42. Rc7 Bf8 43. h4 Rd2 44. Nc1 $1 Bg7 45. Ra7 Bb2 (45... Rc2 $11) 46. Nb3 $14 Rd3 47. Nd4 Kg7 48. g4 Rd2 (48... Bxd4 $11 49. exd4 Rxd4) 49. g5 ({White should play} 49. Nf3 $16 Rd8 50. Ng5) 49... Kf8 (49... Bxd4 $11 50. exd4 Rxd4) 50. Nb5 $1 $16 Rd3 51. Kf3 Rb3 52. Nd6 Rb4 (52... Bd4 $142 53. Ra8+ (53. Rxf7+ $2 Kg8 $19) 53... Ke7) 53. Rxf7+ Kg8 {Hoping for ...Ra4.} 54. Ra7 Rb6 $2 (54... Rxh4 $16 55. Ra8+ Kg7) 55. Nc4 $18 Rb3 56. Nd6 $2 (56. Ke4 $18) 56... Rb4 $2 (56... Rb6 $1 $11) 57. Ne4 Rc4 58. Nf6+ Kf8 (58... Bxf6 {was necessary.} 59. gxf6 Rc6) 59. Nh7+ Ke8 60. Nf6+ $2 (60. e4 $18) 60... Kd8 $2 (60... Kf8 $1 $11) 61. e4 Rc7 62. Ra8+ Rc8 63. Ra7 $2 ({White should try} 63. Ra5 $18) 63... Rc3+ $2 {[%mdl 8192]} (63... Rc7 $1 $11 64. Ra5 Rc6) 64. Kf4 (64. Kg4 $18) 64... Rc2 $16 65. Ra8+ (65. f3 $16) 65... Kc7 $11 66. Kf3 Kb7 (66... Rc3+ $1 $11 {remains equal.} 67. Kg4 Rc4) 67. Ra4 $16 Kb6 68. Nd5+ Kb5 {[#]} 69. Ra8 $1 Rc4 {[#]} 70. Rb8+ (70. e5 $1 $16 {[%cal Re5e6] e6 is the strong threat.} Rc5 71. Ne3) 70... Ka4 $2 {[%mdl 8192]} (70... Kc5 $11) 71. Nb6+ $18 {[%mdl 64] Double Attack} Kb3 72. Nxc4+ Kxc4 {KR-KB} 73. Ra8 Kb3 74. Kf4 Bd4 75. f3 a2 76. e5 {White mates.} a1=Q 77. Rxa1 Bxa1 78. e6 Bd4 79. e7 Kc3 80. e8=Q Kd3 81. Qe4+ {Accuracy: White = 57%, Black = 52%.} 1-0

[Event "ACP-Knockout-2020-Women"]
[Site "Emanuel Lasker Arena"]
[Date "2020.07.27"]
[Round "3.3"]
[White "IGaponenko"]
[Black "Anastasia3003"]
[Result "0-1"]
[WhiteElo "1576"]
[BlackElo "1809"]
[Annotator "NA RC"]
[PlyCount "118"]
[EventDate "2020.07.25"]
[EventType "k.o. (blitz)"]
[EventRounds "4"]

1. e4 {[%emt 0:00:08]} c5 {[%emt 0:00:05]} 2. Nf3 {[%emt 0:00:04]} d6 {[%emt 0:00:02]} 3. d4 {[%emt 0:00:01]} cxd4 {[%emt 0:00:01]} 4. Nxd4 {[%emt 0:00:01]} Nf6 {[%emt 0:00:01]} 5. Nc3 {[%emt 0:00:01]} a6 {[%emt 0:00:01]} 6. Be3 {[%emt 0:00:01]} e5 {[%emt 0:00:01]} 7. Nb3 {[%emt 0:00:01]} Be7 {[%emt 0:00:03]} 8. Qd2 {[%emt 0:00:01]} O-O {[%emt 0:00:04]} 9. O-O-O {[%emt 0:00:01]} a5 {[%emt 0:00:13]} 10. a4 {[%emt 0:00:03]} Nc6 {[%emt 0:00:03]} 11. f4 {[%emt 0:00:07]} Ng4 {[%emt 0:01:19]} 12. g3 {[%emt 0:00:30]} Nb4 {[%emt 0:02:09]} 13. Bg1 {[%emt 0:04:22]} Be6 {[%emt 0:00:04]} 14. Kb1 {[%emt 0:00:32]} Rc8 {[%emt 0:00:57]} 15. f5 {[%emt 0:00:22]} Bd7 {[%emt 0:01:06]} 16. h3 {[%emt 0:00:03]} Nf6 {[%emt 0:00:03]} 17. g4 {[%emt 0:00:02]} Rxc3 {[%emt 0:02:28]} 18. Qxc3 {[%emt 0:01:35]} Nxe4 {[%emt 0:00:06]} 19. Qe1 {[%emt 0:00:02]} d5 {[%emt 0:00:46]} 20. Bg2 {[%emt 0:01:12]} Qc7 {[%emt 0:00:54]} 21. Bxe4 {[%emt 0:00:50]} dxe4 {[%emt 0:00:01]} 22. Qxe4 {[%emt 0:00:28]} Bxa4 {[%emt 0:00:09]} 23. Rh2 {[%emt 0:00:13]} Bc6 {[%emt 0:00:13]} 24. Qe3 {[%emt 0:00:25]} a4 {[%emt 0:00:21]} 25. Nc1 {[%emt 0:00:19]} a3 {[%emt 0:00:17]} 26. bxa3 {[%emt 0:00:25]} Nd5 {[%emt 0:00:01]} 27. Qb3 {[%emt 0:00:01]} Qa5 {[%emt 0:00:12]} 28. Na2 {[%emt 0:00:23]} Bg5 {[%emt 0:00:28]} 29. Re2 {[%emt 0:00:04]} Bf4 {[%emt 0:00:02]} 30. h4 {[%emt 0:00:06]} Ra8 {[%emt 0:00:09]} 31. Nb4 {[%emt 0:00:03]} Nxb4 {[%emt 0:00:09]} 32. Qxb4 {[%emt 0:00:02]} h6 {[%emt 0:00:04]} 33. Qxa5 {[%emt 0:00:05]} Rxa5 {[%emt 0:00:01]} 34. Rd8+ {[%emt 0:00:04]} Kh7 {[%emt 0:00:03]} 35. Kb2 {[%emt 0:00:03]} Bf3 {[%emt 0:00:04]} 36. Re1 {[%emt 0:00:04]} Bxg4 {[%emt 0:00:02]} 37. Be3 {[%emt 0:00:03]} Bxe3 {[%emt 0:00:17]} 38. Rxe3 {[%emt 0:00:02]} Bxf5 {[%emt 0:00:01]} 39. Re8 {[%emt 0:00:02]} f6 {[%emt 0:00:05]} 40. Re7 {[%emt 0:00:02]} Rb5+ {[%emt 0:00:04]} 41. Kc1 {[%emt 0:00:02]} h5 {[%emt 0:00:03]} 42. Rc7 {[%emt 0:00:04]} e4 {[%emt 0:00:09]} 43. c4 {[%emt 0:00:04]} Ra5 {[%emt 0:00:06]} 44. Kb2 {[%emt 0:00:02]} Bg6 {[%emt 0:00:04]} 45. Rxb7 {[%emt 0:00:03]} f5 {[%emt 0:00:01]} 46. Rb5 {[%emt 0:00:04]} Ra6 {[%emt 0:00:04]} 47. c5 {[%emt 0:00:06]} f4 {[%emt 0:00:01]} 48. Re1 {[%emt 0:00:02]} f3 {[%emt 0:00:03]} 49. Rb6 {[%emt 0:00:02]} Ra7 {[%emt 0:00:03]} 50. Rf1 {[%emt 0:00:12]} Rf7 {[%emt 0:00:11]} 51. Re6 {[%emt 0:00:03]} Rc7 {[%emt 0:00:08]} 52. c6 {[%emt 0:00:03]} Bf5 {[%emt 0:00:03]} 53. Rd6 {[%emt 0:00:04]} Bg4 {[%emt 0:00:03]} 54. Kc3 {[%emt 0:00:23]} e3 {[%emt 0:00:01]} 55. Rb1 {[%emt 0:00:23]} e2 {[%emt 0:00:04]} 56. Rd2 {[%emt 0:00:06]} Rxc6+ {[%emt 0:00:02]} 57. Kd4 {[%emt 0:00:02]} Rd6+ {[%emt 0:00:03]} 58. Ke3 {[%emt 0:00:01]} Rxd2 {[%emt 0:00:01]} 59. Kxd2 {[%emt 0:00:01]} f2 {[%emt 0:00:01] IGaponenko resigns (Lag: Av=0.58s, max=0.9s)} 0-1